000 00681nam a2200229Ia 4500
001 9050
003 GE_BSU
008 181216s||||||||xx |||||||||||||| ||und||
040 _cGE_BSU
080 _a821.353.1–1
100 _aკუპრავა,ოთარ
245 _aმგზავრული
245 _bლექსები
245 _cრედ.შ.ნიშნიანიძე,მხატვ.მ.კიკნაველიძე
260 _aთბილისი
260 _bნაკადული
260 _c1966
300 _a81გვ.16სმ.
653 _aლექსები
653 _aმგზავრული
942 _cBK
999 _c42354
_d42354